Monitorovanie výskytu drog a nových psychoaktívnych látok v odpadových vodách vo vybraných mestách a počas masových podujatí na Slovensku či ilegálnej trestnej činnosti

Gespeichert in:
Bibliographische Detailangaben
1. Verfasser: Hrebíček, Marcel (Verfasst von)
Weitere Verfasser: Mackuľak, Tomáš (Betreuung Doktorarbeit)
Format: Manuskript Buch
Sprache:Slowakisch
Veröffentlicht: 2025
Schlagworte:
Online-Zugang:http://is.stuba.sk/zp/portal_zp.pl?podrobnosti=178184
Tags: Tag hinzufügen
Keine Tags, Fügen Sie das erste Tag hinzu!

MARC

LEADER 00000ntm a22000003a 4500
001 stuzp105385
003 SK-STU
005 20250628212655.5
007 ta
008 150427s2015----xo-----f-mn---000-0-slo-d
040 |a STU  |b slo 
041 0 |a slo 
100 1 |a Hrebíček, Marcel  |u 046290  |4 aut  |U FCHPT Ústav chemického a environmentálneho inžinierstva  |T FCHPT Oddelenie environmentálneho inžinierstva  |X 122424  |U C6290  |Y 120  |7 122424 
242 0 1 |a Monitoring the occurrence of drugs and new psychoactive substances in wastewater in selected cities and during mass events in Slovakia or illegal criminal activity  |y eng 
245 1 0 |a Monitorovanie výskytu drog a nových psychoaktívnych látok v odpadových vodách vo vybraných mestách a počas masových podujatí na Slovensku či ilegálnej trestnej činnosti 
260 |c 2025 
650 4 |a WBE  |2 slo 
650 4 |a Festivaly  |2 slo 
650 4 |a Illegálne drogy  |2 slo 
650 4 |a Hudobné žánre  |2 slo 
650 4 |a WBE  |2 eng 
650 4 |a Festivals  |2 eng 
650 4 |a Illicit drugs  |2 eng 
650 4 |a music genres  |2 eng 
700 1 |a Mackuľak, Tomáš  |u 046290  |k Z1  |4 ths  |U FCHPT Ústav chemického a environmentálneho inžinierstva  |T FCHPT Oddelenie environmentálneho inžinierstva  |X 25433  |U C6290  |Y 120  |7 A000025433 
856 4 |u http://is.stuba.sk/zp/portal_zp.pl?podrobnosti=178184